000 01502aam a2200313 a 4500
999 _c325038
_d325038
003 BLK
005 20250603174335.0
008 181010b bu ||||| |||| 00| 0 bu d
020 _a9789542618201
040 _aBLK
041 _aBUL
_cBUL
080 _aФизиотерапия. Механично действащи средства. Радиотерапия и др. нелекарствени терапевтични средства и методи
_b615.8
_z615.8
100 _aУилям, Антъни
_eпърви автор
_91299
139 _aУилям, Антъни
_bУ 40
245 _aЛечителят медиум
_bНай-полезните храни : Скритите лечебни свойства на плодовете, зеленчуците, билките и подправките и диворастящите храни
_cАнтъни Уилям
260 _bХермес
_c2018
_aПловдив
300 _a376 с.
_c20 см
380 _a61
650 0 _9266884
_aМедицина, алтернативна
653 7 _9182223
_aболести
653 7 _9180744
_aалтернативна медицина
700 1 _aМилева, Снежана Цветанова
_d1974 -
_gПреводач от/на английски и немски език
_995687
852 _aЦб 294381
942 _cKNG
_2udc
_n0
_025
944 _aED
_c2019-04-08
_k30530
_lМинев Младен
999 _d325038
999 _d325038
999 _d325038